ბათუმის შოთა რუსთაველის სახელმწიფო უნივერსიტეტის ბიბლიოთეკა

Elements of information Theory / (ბიბ.ჩანაწერი № 41203)

000 -LEADER
fixed length control field 00704nam a2200241Ia 4500
001 - CONTROL NUMBER
control field 7855
003 - CONTROL NUMBER IDENTIFIER
control field GE_BSU
005 - DATE AND TIME OF LATEST TRANSACTION
control field 20220927115443.0
008 - FIXED-LENGTH DATA ELEMENTS--GENERAL INFORMATION
fixed length control field 181216s2006en xx |||||||||||||| ||eng||
020 ## - INTERNATIONAL STANDARD BOOK NUMBER
International Standard Book Number 9780471241599
040 ## - CATALOGING SOURCE
Transcribing agency GE_BSU
041 ## - LANGUAGE CODE
Language code of text/sound track or separate title eng
080 ## - UNIVERSAL DECIMAL CLASSIFICATION NUMBER
Universal Decimal Classification number 621.391+31 C-67
100 ## - MAIN ENTRY--PERSONAL NAME
Personal name Cover,Thomas M.
9 (RLIN) 14843
245 ## - TITLE STATEMENT
Title Elements of information Theory /
Statement of responsibility, etc. Thomas M. Cover,
250 ## - EDITION STATEMENT
Edition statement Second Edition
264 ## - PRODUCTION, PUBLICATION, DISTRIBUTION, MANUFACTURE, AND COPYRIGHT NOTICE
Place of production, publication, distribution, manufacture New Jersey:
Name of producer, publisher, distributor, manufacturer Hoboken,
Date of production, publication, distribution, manufacture, or copyright notice 2006.
300 ## - PHYSICAL DESCRIPTION
Extent 748 p.:
Dimensions 25 cm.
653 ## - INDEX TERM--UNCONTROLLED
keyword Elements of information Theory
653 ## - INDEX TERM--UNCONTROLLED
keyword ინფორმაციის თეორიის ელემენტები
653 ## - INDEX TERM--UNCONTROLLED
keyword ტექნიკა
942 ## - ADDED ENTRY ELEMENTS (KOHA)
Koha item type წიგნი
Source of classification or shelving scheme
ეგზემპლარები
Withdrawn status Lost status Source of classification or shelving scheme Damaged status Not for loan Permanent Location Current Location Shelving location Date acquired Cost, normal purchase price Full call number Barcode Date last seen Copy number Price effective from Koha item type Public note
          ბათუმის შოთა რუსთაველის სახელმწიფო უნივერსიტეტის მთავარი ბიბლიოთეკა ბათუმის შოთა რუსთაველის სახელმწიფო უნივერსიტეტის მთავარი ბიბლიოთეკა წიგნსაცავი 2018-12-17 167.00 621.391+31 C-67 24200 2018-12-17 24200 2018-12-17 წიგნი 167gel.